[Event "Malaga-ch"]
[Site "Malaga"]
[Date "1997.??.??"]
[Round "4"]
[White "Dominguez Escalona, Alonso Jesus"]
[Black "Paris Marin, Javier"]
[Result "1/2-1/2"]
[WhiteElo "2120"]
[BlackElo "2000"]
[PlyCount "84"]
[EventDate "1997.??.??"]
[EventType "swiss"]
[EventRounds "9"]
[EventCountry "ESP"]
[SourceTitle "EXT 2003"]
[Source "ChessBase"]
[SourceDate "2002.11.25"]
[SourceVersion "1"]
[SourceVersionDate "2002.11.25"]
[SourceQuality "1"]

1. e4 e6 2. d4 d5 3. Nd2 Nf6 4. e5 Nfd7 5. f4 c5 6. c3 Nc6 7. Ndf3 Qb6 8. Ne2 f6 9. g3 cxd4 10. cxd4 Bb4+ 11. Bd2 fxe5 12. fxe5 0-0 13. Bg2 Rxf3 14. Bxf3 Nxd4 15. Nxd4 Qxd4 16. Bxb4 Qxb4+ 17. Qd2 Qxd2+ 18. Kxd2 Nxe5 19. Be2 Bd7 20. Rhc1 Nc6 21. Bb5 Kf7 22. Bxc6 Bxc6 23. b4 a6 24. a4 Ke7 25. Rab1 Kd6 26. b5 axb5 27. axb5 Bd7 28. Rb2 b6 29. Rf1 Ke7 30. Rf3 Ra5 31. h4 h5 32. Rc3 e5 33. Rc7 Kd6 34. Rb7 Bxb5 35. Rxg7 Kc5 36. Rg5 Ra3 37. Rxe5 Rxg3 38. Rxh5 Rg2+ 39. Kc3 Rg3+ 40. Kc2 Rg2+ 41. Kb1 Rg1+ 42. Kc2 Rg2+ 1/2-1/2

[Event "Malaga-ch"]
[Site "Malaga"]
[Date "1997.??.??"]
[Round "1"]
[White "Paris Marin, Javier"]
[Black "Garcia Munoz, Juan Jose"]
[Result "0-1"]
[WhiteElo "2000"]
[BlackElo "2105"]
[PlyCount "60"]
[EventDate "1997.??.??"]
[EventType "swiss"]
[EventRounds "9"]
[EventCountry "ESP"]
[SourceTitle "EXT 2003"]
[Source "ChessBase"]
[SourceDate "2002.11.25"]
[SourceVersion "1"]
[SourceVersionDate "2002.11.25"]
[SourceQuality "1"]

1. c4 e5 2. g3 d5 3. cxd5 Qxd5 4. Nf3 Nc6 5. Nc3 Qa5 6. Bg2 Bb4 7. 0-0 Nf6 8. Qc2 0-0 9. d3 Re8 10. Be3 Bf5 11. a3 Bxc3 12. bxc3 e4 13. Nh4 exd3 14. exd3 Rad8 15. Nxf5 Qxf5 16. Qa4 Nd5 17. Bxd5 Rxd5 18. d4 a5 19. c4 Rdd8 20. Rad1 h5 21. Qb3 h4 22. Qd3 Qh3 23. Rfe1 hxg3 24. hxg3 Ne5 25. Qe4 Nxc4 26. Qf4 Nxe3 27. Rxe3 Rxe3 28. fxe3 Rd6 29. Qf3 Rg6 30. Kf2 Rf6 0-1